000
00285nam a22001337a 4500
008
180928b xxu||||| |||| 00| 0 eng d
020
_a
9780538876247
041
_a
eng
080
_2
7 ED
_a
330
100
_a
52
101
_a
Kon
245
_a
Accouting
_c
Skousen.A
942
_2
udc
_c
BK
999
_c
48700
_d
48700